|
|
|
|
| LEADER |
01804cas a2200241 a 4500 |
| 001 |
AALejournalIMF005721 |
| 008 |
230101c9999 xx r poo 0 0eng d |
| 020 |
|
|
|c 5.00 USD
|
| 020 |
|
|
|z 9781451818130
|
| 022 |
|
|
|a 1934-7685
|
| 040 |
|
|
|a BD-DhAAL
|c BD-DhAAL
|
| 110 |
2 |
|
|a International Monetary Fund.
|
| 245 |
1 |
0 |
|a Hungary :
|b First Review Under the Stand-By Arrangement and Request for Modification of Performance Criteria; Staff Report; Staff Statement; and Press Release on the Executive Board Discussion.
|
| 264 |
|
1 |
|a Washington, D.C. :
|b International Monetary Fund,
|c 2009.
|
| 300 |
|
|
|a 1 online resource (59 pages)
|
| 490 |
1 |
|
|a IMF Staff Country Reports
|
| 500 |
|
|
|a <strong>Off-Campus Access:</strong> No User ID or Password Required
|
| 500 |
|
|
|a <strong>On-Campus Access:</strong> No User ID or Password Required
|
| 506 |
|
|
|a Electronic access restricted to authorized BRAC University faculty, staff and students
|
| 520 |
3 |
|
|a This paper discusses key findings of the First Review for Hungary under the Stand-By Arrangement. All end-December 2008 quantitative performance criteria and the continuous performance criterion on nonaccumulation of external arrears were met. The structural performance criterion on submission to parliament of a draft support package for domestic banks by November 10, 2008, was observed. The end-December 2008 structural benchmarks of passage of the fiscal responsibility law and submission to parliament of amendments granting the Hungarian Financial Supervision Agency (HFSA) special remedial powers were also observed.
|
| 538 |
|
|
|a Mode of access: Internet
|
| 830 |
|
0 |
|a IMF Staff Country Reports; Country Report ;
|v No. 2009/105
|
| 856 |
4 |
0 |
|z Full text available on IMF
|u http://elibrary.imf.org/view/journals/002/2009/105/002.2009.issue-105-en.xml
|z IMF e-Library
|